Sports Quiz

Random Sports or NBA Quiz
Score 0/200 Timer 15:00
22 Plays Today
Year Player % Correct
2008-2009LeBron James
98.3%
2007-2008LeBron James
98.3%
2006-2007LeBron James
98.3%
2005-2006LeBron James
98.3%
2004-2005LeBron James
98.3%
2003-2004LeBron James
98.3%
2009-2010LeBron James
98.3%
2008-2009Kobe Bryant
98.1%
2007-2008Kobe Bryant
98.1%
2006-2007Kobe Bryant
98.1%
2005-2006Kobe Bryant
98.1%
2004-2005Kobe Bryant
98.1%
2003-2004Kobe Bryant
98.1%
2002-2003Kobe Bryant
98.1%
2001-2002Kobe Bryant
98.1%
2000-2001Kobe Bryant
98.1%
2009-2010Kobe Bryant
98.1%
2005-2006Mike James
95.7%
2008-2009Kevin Durant
93.8%
2009-2010Kevin Durant
93.8%
2004-2005Shaquille O'Neal
93%
2003-2004Shaquille O'Neal
93%
2002-2003Shaquille O'Neal
93%
2001-2002Shaquille O'Neal
93%
2000-2001Shaquille O'Neal
93%
2008-2009Dwyane Wade
92.9%
2005-2006Dwyane Wade
92.9%
2004-2005Dwyane Wade
92.9%
2009-2010Dwyane Wade
92.9%
2003-2004Jermaine O'Neal
91.9%
2002-2003Jermaine O'Neal
91.9%
2007-2008Allen Iverson
91.2%
2006-2007Allen Iverson
91.2%
2005-2006Allen Iverson
91.2%
2004-2005Allen Iverson
91.2%
2002-2003Allen Iverson
91.2%
2001-2002Allen Iverson
91.2%
2000-2001Allen Iverson
91.2%
2006-2007Kevin Garnett
88.8%
2005-2006Kevin Garnett
88.8%
2004-2005Kevin Garnett
88.8%
2003-2004Kevin Garnett
88.8%
2002-2003Kevin Garnett
88.8%
2001-2002Kevin Garnett
88.8%
2000-2001Kevin Garnett
88.8%
2005-2006Paul Pierce
88.7%
2008-2009Paul Pierce
88.7%
2004-2005Paul Pierce
88.7%
2003-2004Paul Pierce
88.7%
2002-2003Paul Pierce
88.7%
2001-2002Paul Pierce
88.7%
2000-2001Paul Pierce
88.7%
2008-2009Carmelo Anthony
88.5%
2007-2008Carmelo Anthony
88.5%
2006-2007Carmelo Anthony
88.5%
2005-2006Carmelo Anthony
88.5%
2004-2005Carmelo Anthony
88.5%
2003-2004Carmelo Anthony
88.5%
2009-2010Carmelo Anthony
88.5%
2006-2007Ray Allen
87.2%
2005-2006Ray Allen
87.2%
2004-2005Ray Allen
87.2%
2002-2003Ray Allen
87.2%
2001-2002Ray Allen
87.2%
2000-2001Ray Allen
87.2%
2006-2007Tim Duncan
86.9%
2003-2004Tim Duncan
86.9%
Year Player % Correct
2002-2003Tim Duncan
86.9%
2001-2002Tim Duncan
86.9%
2000-2001Tim Duncan
86.9%
2008-2009Dirk Nowitzki
84.4%
2007-2008Dirk Nowitzki
84.4%
2006-2007Dirk Nowitzki
84.4%
2005-2006Dirk Nowitzki
84.4%
2004-2005Dirk Nowitzki
84.4%
2003-2004Dirk Nowitzki
84.4%
2002-2003Dirk Nowitzki
84.4%
2001-2002Dirk Nowitzki
84.4%
2000-2001Dirk Nowitzki
84.4%
2009-2010Dirk Nowitzki
84.4%
2007-2008Tracy McGrady
84%
2006-2007Tracy McGrady
84%
2004-2005Tracy McGrady
84%
2003-2004Tracy McGrady
84%
2002-2003Tracy McGrady
84%
2001-2002Tracy McGrady
84%
2000-2001Tracy McGrady
84%
2006-2007Vince Carter
79.9%
2005-2006Vince Carter
79.9%
2008-2009Vince Carter
79.9%
2007-2008Vince Carter
79.9%
2004-2005Vince Carter
79.9%
2003-2004Vince Carter
79.9%
2001-2002Vince Carter
79.9%
2000-2001Vince Carter
79.9%
2008-2009Dwight Howard
79.8%
2008-2009Chris Bosh
78.7%
2007-2008Chris Bosh
78.7%
2006-2007Chris Bosh
78.7%
2005-2006Chris Bosh
78.7%
2009-2010Chris Bosh
78.7%
2008-2009Chris Paul
77.6%
2007-2008Chris Paul
77.6%
2008-2009Tony Parker
76.9%
2007-2008Amare Stoudemire
74.5%
2006-2007Amare Stoudemire
74.5%
2004-2005Amare Stoudemire
74.5%
2009-2010Amare Stoudemire
74.5%
2008-2009Joe Johnson
74.4%
2007-2008Joe Johnson
74.4%
2006-2007Joe Johnson
74.4%
2009-2010Joe Johnson
74.4%
2005-2006Pau Gasol
72.2%
2009-2010Derrick Rose
71.9%
2002-2003Jalen Rose
71.2%
2001-2002Jalen Rose
71.2%
2008-2009David West
70.1%
2009-2010Chauncey Billups
68.5%
2006-2007Gilbert Arenas
65.5%
2005-2006Gilbert Arenas
65.5%
2004-2005Gilbert Arenas
65.5%
2001-2002Karl Malone
63.6%
2000-2001Karl Malone
63.6%
2007-2008Baron Davis
59.7%
2003-2004Baron Davis
59.7%
2002-2003Chris Webber
59.4%
2000-2001Chris Webber
59.4%
2002-2003Glenn Robinson
59.3%
2000-2001Glenn Robinson
59.3%
2007-2008Michael Redd
55%
2006-2007Michael Redd
55%
2005-2006Michael Redd
55%
2004-2005Michael Redd
55%
2003-2004Michael Redd
55%
Year Player % Correct
2007-2008Richard Jefferson
54.5%
2007-2008Al Jefferson
54.5%
2007-2008Carlos Boozer
54%
2006-2007Carlos Boozer
54%
2008-2009Antawn Jamison
53.9%
2007-2008Antawn Jamison
53.9%
2005-2006Antawn Jamison
53.9%
2002-2003Antawn Jamison
53.9%
2000-2001Antawn Jamison
53.9%
2009-2010Monta Ellis
53.1%
2005-2006Shawn Marion
52.1%
2003-2004Shawn Marion
52.1%
2002-2003Shawn Marion
52.1%
2008-2009Brandon Roy
51.7%
2004-2005Stephon Marbury
51.4%
2003-2004Stephon Marbury
51.4%
2002-2003Stephon Marbury
51.4%
2001-2002Stephon Marbury
51.4%
2000-2001Stephon Marbury
51.4%
2009-2010Stephen Jackson
51.2%
2001-2002Gary Payton
50.6%
2000-2001Gary Payton
50.6%
2008-2009Danny Granger
50.3%
2009-2010Danny Granger
50.3%
2005-2006Elton Brand
50.1%
2006-2007Elton Brand
50.1%
2004-2005Rashard Lewis
47.8%
2003-2004Peja Stojakovic
47.1%
2001-2002Peja Stojakovic
47.1%
2007-2008Kevin Martin
46.3%
2006-2007Kevin Martin
46.3%
2005-2006Mike Bibby
45.5%
2002-2003Jerry Stackhouse
45.3%
2001-2002Jerry Stackhouse
45.3%
2000-2001Jerry Stackhouse
45.3%
2006-2007Zach Randolph
44.9%
2003-2004Zach Randolph
44.9%
2009-2010Zach Randolph
44.9%
2004-2005Steve Francis
44%
2002-2003Steve Francis
44%
2001-2002Antoine Walker
42.7%
2000-2001Antoine Walker
42.7%
2007-2008Jason Richardson
41.7%
2005-2006Jason Richardson
41.7%
2004-2005Jason Richardson
41.7%
2003-2004Jason Richardson
41.7%
2006-2007Ben Gordon
41.7%
2008-2009Ben Gordon
41.7%
2009-2010Rudy Gay
41.5%
2009-2010David Lee
40.6%
2002-2003Allan Houston
36.3%
2001-2002Michael Finley
33.6%
2000-2001Michael Finley
33.6%
2009-2010Tyreke Evans
33.3%
2003-2004Sam Cassell
29.9%
2007-2008Corey Maggette
29.1%
2004-2005Corey Maggette
29.1%
2003-2004Corey Maggette
29.1%
2009-2010Corey Maggette
29.1%
2008-2009Devin Harris
28.8%
2002-2003Jamal Mashburn
24.5%
2001-2002Shareef Abdur-Rahim
23%
2001-2002Cuttino Mobley
22.2%
2008-2009Al Harrington
21.2%
2009-2010Aaron Brooks
20.5%
2000-2001Antonio McDyess
18.1%
Remove Ads.
Support Sporcle.
Get the best of Sporcle when you Go Orange. This ad-free experience offers more features, more stats, and more fun while also helping to support Sporcle. Thank you for becoming a member.

You're not logged in!

Compare scores with friends on all Sporcle quizzes.
OR
Log In

Show Comments

Extras

Top Quizzes Today


Score Distribution

Your Account Isn't Verified!

In order to create a playlist on Sporcle, you need to verify the email address you used during registration. Go to your Sporcle Settings to finish the process.

Report this User

Report this user for behavior that violates our Community Guidelines.

Details: